出雲〇〇駅 - Statistics

General Stats
  • This quiz has been taken 52 times
  • The average score is 6 of 10
Answer Stats
Answer % Correct
出雲市
98%
出雲神西
75%
出雲横田
75%
出雲坂根
61%
出雲大社前
61%
出雲三成
57%
出雲大東
50%
出雲八代
43%
出雲崎
36%
出雲科学館パークタウン前
25%
No matching quizzes found
Score Distribution
Percent of People with Each Score
Percentile by Number Answered
Your Score History
You have not taken this quiz